MARC
|
|
|
|
| LEADER |
00000nam1a2200000 4500 |
| 001 |
122960 |
| 005 |
20231031130323.0 |
| 035 |
|
|
|a (RuTPU)RU\TPU\book\133111
|
| 090 |
|
|
|a 122960
|
| 100 |
|
|
|a 20071010d1986 k y0rusy50 ca
|
| 101 |
0 |
|
|a rus
|
| 102 |
|
|
|a UA
|
| 200 |
1 |
|
|a Синтетические сверхтвердые материалы
|e В 3-х т.
|f Академия наук Украинской ССР; Институт сверхтвердых материалов; под ред. Н. В. Новикова
|
| 210 |
|
|
|a Киев
|c Наукова думка
|d 1986
|
| 702 |
|
1 |
|a Новиков
|b Н. В.
|4 340
|
| 712 |
0 |
2 |
|a Академия наук Украинской ССР (АН УССР)
|b Институт сверхтвердых материалов (ИСМ)
|c (Киев)
|2 stltpush
|3 (RuTPU)RU\TPU\col\2641
|
| 801 |
|
1 |
|a RU
|b 63413507
|c 20071010
|g PSBO
|
| 801 |
|
2 |
|a RU
|b 63413507
|c 20150930
|g PSBO
|
| 942 |
|
|
|c BK
|